000
00298nam a22001337a 4500
020
_a
978-81-291-2021-2
082
_a
425
_b
BHA/W
100
_a
BHAGAT, CHETAN
245
_a
WHAT YOUNG INDIA WANTS
260
_a
DELHI
_b
RUPA PUBLICATION
_c
2012
300
_a
181
650
_a
NOVEL
_z
INDIA
942
_c
BK
999
_c
2738
_d
2738